Matemática 9º egb /

Guardado en:
Autor Principal: Latorre, María Laura
Formato: Libro
Publicado: Buenos Aires : Santillana, 1999
Etiquetas: Agregar Etiqueta
Sin Etiquetas, Sea el primero en etiquetar este registro!
LEADER 00401nam a22001455a 4500
001 CEM.cems009950
005 20060214000000.0
008 130507s1999##################000#0#####d
003 CEMS
082 0 4 |a Z510 
100 1 |a Latorre, María Laura 
245 1 0 |a Matemática 9º egb / 
260 |a Buenos Aires :  |b Santillana,  |c 1999 
300 |a 239 p.1 
859 |a CEMS  |b BIB. CEMS - 11 de abril  |h Z510  |i SA59/9§  |p 20323.99  |t Ej.1